01061naa#a2200181#i#4500001001600000005001700016011001400033100004100047102000700088200029800095210014000393215001000533608004500543675015900588700005200747700005800799856002200857RU\\bibl\12291820260601220302.1##a2686-9896##a20260515b2026####ek#y0rusy0150####ca##aRU1#aПРИМЕНЕНИЕ МЕТОДОВ КЛАРКА-РАЙТА И «СУММИРОВАНИЯ ПО СТОЛБЦАМ» ДЛЯ ПЛАНИРОВАНИЯ МЕЛКОПАРТИОННЫХ ПЕРЕВОЗОК ГРУЗОВ АВТОМОБИЛЬНЫМ ТРАНСПОРТОМeЖурнальная статья1#aАнгарскcФГБОУ ВО "Ангарский государственный технический университет"d2026##a1 с.##aЖурнальная статья2local##aТранспортное обслуживание. Организация и управление перевозками. Почтовая связь. 656#1aКрипакgМарина Николаевна#1aКияшкоgЛариса Александровна4#aangtu.editorum.ru